| 000 | 00553nam a2200217 a 4500 | ||
|---|---|---|---|
| 001 | BRCA_7415 | ||
| 005 | 20190320205827.0 | ||
| 008 | 040413s1921----gw-a######---#000-0#ger-# | ||
| 041 | _ager | ||
| 044 | _agw | ||
| 050 | 4 |
_aN6861 _b.H64 1921 |
|
| 100 | 1 |
_aHofstaetter, Walther _918282 |
|
| 245 | 1 | 0 |
_aVon deutscher art und kunst _cWalther Hofstaetter. |
| 250 | _a3 | ||
| 260 |
_aLeipzig, Alemania _bB. G. Teubner _c1921 |
||
| 300 |
_a240 p. _bil., 42 láminas |
||
| 500 | _aQ150 | ||
| 650 | 1 | 4 |
_aArte alemán _911881 |
| 902 | _aGFM | ||
| 942 |
_2lcc _cB |
||
| 999 |
_c7091 _d7091 |
||